[Event "RUS-ch 54th"]
[Site "Elista"]
[Date "2001.04.30"]
[Round "1"]
[White "Potkin, Vladimir"]
[Black "Rustemov, Alexander"]
[Result "0-1"]
[WhiteElo "2512"]
[BlackElo "2625"]
[Annotator "Psakhis,L"]
[PlyCount "82"]
[EventDate "2001.04.29"]
[EventType "swiss"]
[EventRounds "9"]
[EventCountry "RUS"]
[SourceTitle "CBM 083"]
[Source "ChessBase"]
[SourceDate "2001.07.05"]
[SourceVersion "1"]
[SourceVersionDate "2001.07.05"]
[SourceQuality "1"]

1. e4 e6 2. d4 d5 3. Nd2 c5 4. exd5 Qxd5 5. Ngf3 cxd4 6. Bc4 Qd6 7. Qe2 {
This move become very popular recently, but I am not sure that White can
pretend for any advantage if black will play opening in the best way.} Nc6 (
7... Nf6 {is a good alternative and after} 8. Nb3 Nc6 9. Bg5 a6 10. O-O-O b5
11. Bd3 Be7 12. Kb1 e5 13. Rhe1 Bg4 14. Bxf6 Bxf6 15. Qe4 Bxf3 16. gxf3 Kf8 17.
c3 g6 18. cxd4 Kg7 19. dxe5 Qxe5 20. Qxe5 Nxe5 21. Be4 Ra7 $11 {1/2-1/2
Rozentalis,E-Khalifman,A/BL 0001 2001 (26) Black equalized}) 8. Ne4 Qc7 9. O-O
a6 $6 $146 {New and possible not the strongest move.} ({It is difficult to
prove any advantage of White after} 9... Nf6 10. Rd1 (10. Nxf6+ gxf6 11. Rd1
Bc5 12. a3 Bd7 13. b4 Bb6 14. Bb2 Ne5 15. Bb3 Bc6 $13 {1/2-1/2 Reinderman,
D-Schwartzman,G/Wijk-B 1994/ (25)}) 10... Be7 11. Nxd4 Nxd4 (11... O-O 12. Nxc6
bxc6 13. Bg5 Nd5 14. Bxe7 Qxe7 15. Qd2 Rb8 16. b3 Qc7 17. Qd4 $14 {1-0 Sermek,
D-Khuzman,A/Dresden zt 1998 (34)}) 12. Rxd4 O-O 13. Bg5 Nxe4 14. Bxe7 Nc3 15.
Qd3 Qxe7 16. Qxc3 Bd7 17. Rad1 Bc6 $11 {1/2-1/2 Luther,T-De Jong,M/Groningen
op 1998 (35)}) 10. Rd1 Nf6 11. Nxd4 Bd7 (11... Nxe4 12. Qxe4 Nxd4 13. Qxd4 e5
14. Qe4 $14 {Open character of the position in combination with bishop's pair
strongly favour white's chances.}) 12. Nxf6+ gxf6 13. Be3 Ne5 14. Bb3 h5 {
[%cal Ge5g4]} (14... O-O-O $5 $14) 15. h3 Bc5 16. f4 $1 {Black played opening
in very risky style and Potkin refute black's strategy with few strong moves.}
Qb6 (16... Nc6 17. Nf5 $5 $36 {looks very unpleasand for Black.}) 17. fxe5 (17.
Rd2 $5 {[%cal Ga1d1]}) 17... fxe5 18. c3 Rg8 {What else?} ({In the case of} 
18... exd4 19. cxd4 Bd6 20. d5 $1 $16 {I doubt, that black's king will survive.
}) 19. Bf2 ({Maybe} 19. Qxh5 $142 $1 {with possible continuation} exd4 (19...
Bc6 20. Bxe6 Rxg2+ 21. Kf1 $18) 20. cxd4 Qc6 21. Qe2 $18 {[%cal Rd4d5] wins
even easy than text.}) 19... exd4 20. cxd4 Be7 (20... Qc6 21. d5) 21. d5 $1 $16
Bc5 22. Bxc5 Qxc5+ 23. Kh1 Bb5 (23... Qe7 24. Qxh5) 24. Qf3 (24. Qe4 $5) 24...
Rc8 25. dxe6 fxe6 26. Bxe6 $18 {It is difficult to believe that White will
lose this game.} (26. Re1 $5) 26... Rf8 27. Qe4 (27. Qxb7 Rc7 28. Qe4 $18)
27... Rc7 28. Bd7+ $6 {I suspect that Potkin had severe time troubles,
othercase he will choose} (28. Rac1 $1 Qxc1 $8 29. Bb3+ Re7 30. Qg6+ Ref7 31.
Rxc1 $18) 28... Kf7 (28... Kd8 29. Rac1 Qxc1 30. Qh4+ $1) 29. Bxb5 ({Why not} 
29. Rd5 $1 Qb6 30. Qh7+ $18 {with mate in few moves!?}) 29... axb5 30. Rd5 Qc4
31. Qxc4 $4 {[%mdl 8192] Unbelievable!} (31. Rd4 Qc5 (31... Qc2 32. Rd7+) 32.
Qh7+ {wins immediately -} Ke8 33. Re1+ Re7 34. Rxe7+ Qxe7 35. Re4 $18) 31...
bxc4 32. Rf1+ $2 (32. Rxh5 $18) 32... Ke6 33. Rxf8 Kxd5 34. Rf5+ Kc6 (34... Ke4
35. Rxh5) 35. Rxh5 b5 36. a4 $4 {Continue comedy of mistakes!.} b4 37. Kg1 $2 {
Last mistake} ({Correct} 37. Rf5 c3 38. bxc3 bxc3 39. Rf1 c2 40. Rc1 {leads to
complicated endgame.}) 37... c3 $19 {Now game is over!} 38. bxc3 bxc3 39. Rh6+
(39. Rf5 c2 40. Rf1 Rd7) 39... Kb7 40. Re6 c2 41. Re1 Rd7 0-1

[Event "RUS-Cup final"]
[Site "Ekaterinburg"]
[Date "1999.??.??"]
[Round "7"]
[White "Kotsur, Pavel"]
[Black "Goloshchapov, Alexander"]
[Result "1-0"]
[WhiteElo "2499"]
[BlackElo "2446"]
[Annotator "Psakhis,L"]
[PlyCount "73"]
[EventDate "1999.08.28"]
[EventType "tourn"]
[EventRounds "11"]
[EventCountry "RUS"]
[EventCategory "11"]
[SourceTitle "CBM 075"]
[Source "ChessBase"]
[SourceDate "2000.04.05"]
[SourceVersion "1"]
[SourceVersionDate "2000.04.05"]
[SourceQuality "1"]

1. e4 e6 2. d4 d5 3. Nd2 c5 4. Ngf3 cxd4 5. exd5 Qxd5 6. Bc4 Qd6 7. O-O Nf6 8.
Nb3 Nc6 9. Nbxd4 Nxd4 10. Nxd4 a6 11. b3 {Not the hottest theoretical line,
but one that still presents Black with a few problems to solve} (11. Re1 {
Was the fashion in the last 5-7 years.}) 11... Qc7 12. Bb2 Bd6 13. Nf3 O-O (
13... b5 $5 14. Bd3 Bb7 {could be better line for Black, for example} 15. Re1
O-O 16. Ne5 Rad8 17. Qe2 Nd5 18. Qg4 f5 19. Qh4 Nb4 20. Re2 Nxd3 21. Nxd3 Be4
$11 {0-1 Tiviakov,S-Psakhis,L/Rostov 1993 (62)}) 14. Bxf6 gxf6 15. Qd4 $36 f5
$146 (15... Be7 16. Qh4 Kh8 17. Bd3 f5 18. Ng5 Bxg5 19. Qxg5 Rg8 20. Qf6+ Rg7
21. Rad1 Bd7 22. Rfe1 Bc6 $13 {0-1 Estrada,N-Kecskes,G/Hungary 1993 (43)}) (
15... b5 16. Bd3 f5 17. Qh4 Qc3 18. Rad1 Bc5 19. Rfe1 Qg7 20. Bf1 Ra7 21. Ne5
f6 22. Rd3 $36 {Beshukov,S-Kelly,B/Hastings Challengers 2000/ 1/2-1/2 (68)})
16. Qh4 $14 {It looks for me, that white chances are slightly better in this
position,mostly because of unsecure position of the black king., but Black
keeps good chances for defense.} Re8 17. Qg5+ Kh8 18. Rad1 Bf8 (18... b5 $5 {
[%cal Gc8b7]}) 19. Rfe1 h6 ({Deserves attention} 19... b5 20. Bd5 Ra7 21. Qh5
Rd8 {with complicated game.}) 20. Qh5 Bg7 21. g4 $1 {[%mdl 128] Great move!
Black's pieces are far away from the kingside, so it's logical for White to
start attack as soon as possible .} fxg4 (21... Qf4 22. gxf5 Rg8 23. fxe6 Bxe6
24. Bxe6 Bc3+ 25. Kf1 Bxe1 26. Qxf7 Qxf7 27. Bxf7 Rg7 28. Rd7 $16) 22. Ne5 Rf8
23. Rd4 {This rook lift allows White to create concrete threats in the near
future.All white pieces are ready now to take part in attack.} b5 24. Bf1 Qxc2
25. Rf4 $1 {Nice finesse} (25. Rxg4 Qf5 {was not clear at all}) 25... Ra7 (
25... f5 {doesn,t work, because of} 26. Ng6+ Kh7 27. Nxf8+ Bxf8 28. Qf7+ Bg7
29. Rxg4 $1 fxg4 30. Bg2 Ra7 $8 31. Qxa7 $16) 26. Nxf7+ Kh7 27. Re3 {[%cal
Rf1d3]} (27. Ne5 $6 Rxf4 $1 28. Bd3+ Qxd3 29. Nxd3 Rf5 $132) 27... Rd7 (27...
Qc1 28. Ng5+ Kg8 (28... Kh8 29. Rxf8+ Bxf8 30. Qe8 $40) 29. Rxf8+ Bxf8 30. Nxe6
$16) 28. Ng5+ Kg8 29. Rxf8+ Bxf8 30. Ne4 Bg7 (30... Kh8 31. Qe8 Kg7 32. Qxe6
Rd1 (32... Rf7 33. Qe5+ Kg8 34. Rc3 Qb2 35. Nf6+ $18) 33. Qf6+ Kg8 34. Qg6+ Kh8
35. Qf7 Bg7 36. Nf6 $18) 31. Qe8+ (31. Qxg4 $5) 31... Kh7 32. Nc3 $1 {Decisive
move, now Black is desperate, dispite of small material advantage.} Rd2 (32...
b4 33. Qxc8 Rd1 34. Qxe6 bxc3 35. Kg2 $1 {[%cal Rf1d3]} Qg6 36. Bd3 Rxd3 37.
Qxg6+ Kxg6 38. Rxd3 $18) 33. Qxc8 b4 (33... Bd4 34. Qd7+ Kh8 35. Qe8+ Kh7 36.
Qe7+ Kh8 37. Rxe6 $18) 34. Qxe6 $18 Qg6 (34... bxc3 35. Bd3+ $1 Rxd3 36. Qf5+
$18) 35. Qxg6+ Kxg6 36. Na4 Rxa2 37. Re4 1-0

[Event "FIDE World Cup 5-8"]
[Site "Khanty-Mansiysk"]
[Date "2005.12.14"]
[Round "6.4"]
[White "Rublevsky, Sergei"]
[Black "Bareev, Evgeny"]
[Result "1/2-1/2"]
[WhiteElo "2652"]
[BlackElo "2675"]
[Annotator "Psakhis,L"]
[PlyCount "64"]
[EventDate "2005.11.27"]
[EventType "k.o."]
[EventRounds "7"]
[EventCountry "RUS"]
[SourceTitle "CBM 111"]
[Source "ChessBase"]
[SourceDate "2006.04.04"]
[SourceVersion "1"]
[SourceVersionDate "2006.04.04"]
[SourceQuality "1"]

1. e4 e6 2. d4 d5 3. Nd2 c5 4. Ngf3 cxd4 5. exd5 (5. Nxd4 Nc6 6. Bb5 Bd7 7.
Nxc6 Bxc6 8. Bxc6+ bxc6 9. c4) 5... Qxd5 6. Bc4 Qd6 7. O-O Nf6 8. Nb3 Nc6 9.
Nbxd4 Nxd4 10. Nxd4 a6 11. Bb3 Qc7 12. Qf3 ({Another theoretical chapter opens
with} 12. Re1 Bd6 13. Nf5) 12... Bd6 13. Kh1 $5 (13. h3 O-O (13... Be5 14. c3
h6 ({In T.Ernst - Ornstein, Lulea 1980 Black chose} 14... Bd7 15. Bg5 Bxd4 16.
cxd4 Bc6 17. Qe3 Nd5 {but after} 18. Bxd5 Bxd5 19. Rac1 Qd6 20. Bf4 Qd8 21. Qa3
Bc6 22. Bd6 {his king finally let him down.}) 15. Re1 O-O 16. Be3 Bd7 17. Re2
Rad8 18. Rae1 Rfe8 19. Bxh6 $1 Bxd4 20. cxd4 Bc6 21. Qe3 $1 gxh6 22. Qxh6 $40 {
1-0 Khalifman,A (2653)-Volkov,S (2622)/RUS-sf Kazan 2005/Chess Today/[Notkin] 
(57)}) 14. Bg5 Nd7 15. c3 Ne5 (15... b5 16. Rfe1 Bb7 17. Qh5 Nc5 18. Bc2 g6 19.
Qh4 Rfe8 20. Re3 Be7 (20... Bd5 21. Rae1 Qd7 22. b4 Na4 23. Nf3 Nb6 24. Bb3
Rac8 25. Bf6 Bxf3 26. Rxf3 Be7) 21. Rae1 Rad8 22. b4 $1 Bxg5 (22... Na4 $2 23.
Nxe6 $18) 23. Qxg5 Rd5 $2 (23... Nd7 24. Bb3 $14 {|^}) 24. Nf5 $1 {1-0 Akopian,
V (2689)-Gonzalez Garcia,J (2443)/Tripoli (m/1)2004 '1-0}) 16. Qh5 Ng6 17. Bc2
Bh2+ (17... b6 18. Be3 Bb7 19. Nf3 h6 20. Rfd1 Nf4 21. Bxf4 Bxf4) 18. Kh1 Bf4
19. Bxf4 Qxf4 20. Nf3 Qc7 21. Rad1 b5 22. Rd4 Qe7 23. Ng5 h6 24. Nxf7 {1-0
Parligras,M (2560)-Almasi,I (2450)/Budapest Novotel Chess Festival 2004/})
13... Be5 (13... Bd7 14. Bg5 Be5 15. Rad1 h6 16. Bh4 O-O 17. Rfe1 Rfd8 18. c3
Rac8 19. h3 Bxd4 20. Rxd4 Bc6 21. Qe3 Rxd4 22. Qxd4 Qd8 $4 (22... Rd8 23. Qe3
Qe7) 23. Bxf6 Qxf6 (23... gxf6 24. Qe3 Kh7) 24. Qxf6 gxf6 25. Rxe6 {1-0 Adams,
M (2720)-Bareev,E (2714)/Wijk aan Zee-A 2004/CBM 99/[Psakhis]}) (13... O-O 14.
Bg5 Nd7 (14... Be5 15. c3 b6 16. Qxa8 Bxd4 17. Qf3 Bb7 18. Qe2 Bc5 19. Bxf6
gxf6 20. Rad1) 15. c3 Ne5 16. Qh3 $5 (16. Qh5 $5 Ng6 17. Bc2 h6 18. Nf3 (18.
Bd2 Bf4 19. Rad1 Bxd2 20. Rxd2 Nf4 21. Qh4 Bd7 22. Rfd1 Rad8 23. Nf3 Nd5 24.
Qg3 $14 {Rublevsky,S-Gouliev,N/FRA t-ch 2004/1-0 (46)}) (18. Be3 Nf4 19. Qf3
Nd5 20. Bd2 b5 21. Qe4 f5 22. Qe2 Rf6 23. Bb3 Qc5 24. Rad1) 18... b5 19. Rad1
Bf4 20. Bxf4 Nxf4 21. Qe5 Qxe5 22. Nxe5 Bb7 23. f3 Rfd8 $11 {Ivanchuk,V-Anand,
V/Reggio Emilia 1991//1/2-1/2 (44)}) 16... Ng6 17. Rad1 $5 $146 (17. Bc2 h6 18.
Be3 Nf4 19. Qf3 Bd7 20. Rad1 Rad8 21. Qe4 Ng6 22. Qg4 Nf4 23. Qh4 Bc8 $11 {
Vokarev,S-Biriukov,O/St Petersburg 300 Years 2003//1/2-1/2 (57)}) 17... b5 (
17... Nf4 $5 {is worth considering:} 18. Qh4 (18. Bxf4 Bxf4 19. Bc2 g6 {
[%csl Gf4]}) 18... h6 19. Bc2 Ng6 20. Bxg6 fxg6 21. Be3 e5 $13) 18. Bc2 Bf4 (
18... Re8 $5) 19. Nf3 {[%cal Gf3g5]} (19. Bxg6 $6 hxg6 20. Bxf4 Qxf4 21. Nc6
Qf6 $11) (19. Be4 Ra7 20. Bxf4 Qxf4 21. Bxg6 hxg6 22. Nc6 Rc7 23. Rd4 Qf5 $1)
19... e5 20. Qh5 Bb7 $8 21. Bxf4 $1 Bxf3 (21... exf4 $2 22. Ng5 h6 23. Nxf7 $18
) 22. Qxf3 Nxf4 23. g3 {[%csl Gc2,Rf4] 1-0 Ye Jiangchuan (2681)-Ni Hua (2587)/
FIDE-Wch k.o. Tripoli 2004/CBM 102/[Psakhis] (39)}) 14. Be3 (14. Rd1 Bd7 15.
Bg5 h5 $5 16. Qe2 O-O-O 17. h3 Bf4 18. Bxf4 Qxf4 19. Qc4+ Qc7 20. Re1 Qxc4 21.
Bxc4 Kc7 22. Rad1 Rhe8 $11 {Timofeev,A-Ionov,S RUS t-ch Sochi 2004}) (14. c3
Bd7 15. Bg5 h6 16. Bh4 Bxd4 17. cxd4 Bc6 18. Rac1 Qd6 $11) 14... Bd7 (14... O-O
15. c3 (15. Rad1 Rb8) 15... Bd7 16. Rae1 Rfe8 17. Qh3 Bxd4 18. cxd4 Bc6 19. Qh4
Bd5 20. Bg5 Nd7 21. Rc1 Qb6 22. Bc2 Nf8 23. b3 {1/2-1/2 Nunn,J (2615)-Kelly,B 
(2490)/Bunratty Masters 2005/}) 15. Qh3 $146 {It looks that this new move
can't promise any advantage to White.} (15. Rad1 h5 (15... O-O $5) 16. Qe2 (16.
Qh3 Ng4 17. f4 Bf6 18. Bg1 O-O-O $132 19. Qf3) 16... Bxh2 (16... O-O-O 17. f4
Bd6 18. Rd3 Kb8 19. Rc3 Qa5 20. Bc4 Nd5 21. Bxd5 exd5 22. Qf2 Rc8 23. Nb3 Qb5
24. Bc5 $36 {Stojanovic,D (2442)-Perunovic,M (2366)/Belgrade Trophy Obrenovac
2004/ /1-0 (69)}) 17. g3 (17. Nf5 Kf8 $1) (17. f4 Ng4) 17... e5 ({Worth
considering is} 17... Ng4 18. Bf4 e5) 18. Kxh2 (18. Bg5 Bg4 (18... h4 19. Kxh2
hxg3+ 20. Kg1 Bg4 21. f3 (21. Nf3 e4) 21... Rh2 22. fxg4 Rxe2 23. Nxe2 $16) 19.
Nf3 (19. f3 Bxg3 20. Bxf6 gxf6 21. fxg4 O-O-O 22. Nf5 hxg4+ 23. Kg1 Qb6+ 24.
Qe3 Qxe3+ 25. Nxe3 Rxd1 26. Rxd1 Bf4 27. Nf5 $16) 19... e4 20. Bxf6 Bxf3+ 21.
Qxf3 exf3 22. Bxg7 $18) 18... h4 19. Kg1 O-O-O (19... Kf8 $5 20. Nf3 Bg4 21.
Bg5 e4 22. Bf4 exf3 23. Qxa6 bxa6 24. Bxc7 h3 25. Kh2 Bf5 26. Bb6 $13) 20. Nf3
hxg3 21. Qc4 $5 (21. fxg3 e4 {Lastin-Bareev,E/RUS t-ch 2004}) 21... Bc6 (21...
gxf2+ 22. Bxf2 Bc6 (22... Qxc4 23. Bxc4 Bc6 24. Rxd8+ Kxd8 25. Bb6+ Ke7 26.
Nxe5) 23. Rxd8+ Kxd8 24. Qd3+ Kc8 25. Qf5+ Qd7 26. Qxd7+ Nxd7 27. Be1 f6 28.
Be6) 22. Rxd8+ Rxd8 23. fxg3 e4 24. Nh4 Qxg3+ 25. Ng2 Nd5 26. Qc5 $1) 15...
O-O-O (15... Bf4 $5 16. Rad1) 16. Rad1 (16. c3 Bf4 $1) 16... Bxd4 $1 17. Rxd4 (
17. Bxd4 $2 e5 $19) 17... e5 18. Rxd7 $8 Qxd7 (18... Rxd7 19. Bxf7 $44) 19. Qg3
Qg4 $6 {I think that Evgeny mixed up something.} (19... Qd1 20. Kg1 {doesn't
change the character of position, but}) (19... Ng4 $5 20. Bb6 $140 Qb5 $5 21.
Qxg4+ Kb8 22. Kg1 Qxb6 23. Qxg7 Qc5 $5) ({and especially} 19... Nd5 $142 $5 20.
Qxg7 $140 f6 {would have promised a nice game for Black without real chances
for a defeat.}) 20. Qxe5 (20. Bxf7 Qxg3 21. hxg3 Rd6 {[%cal Gh8d8]}) 20... Rd1
21. Qc5+ Kd7 (21... Kb8 22. Qa7+ Kc8 23. Bc4 $5 $36) 22. Ba4+ $6 {This
unfortunate move leads to draw almost by force, but Sergei still could
continue the struggle - after} (22. Qc4 $142 Rxf1+ 23. Qxf1 $44 {[%csl Gb3,Ge3]
the strong white bishop's pair in combination with the vulnerable position of
Black's king fully compensate the small material deficit.}) 22... b5 23. Qa7+ (
23. Bxb5+ axb5 24. Qxb5+ Ke6 25. f3 Rxf1+ 26. Qxf1 Qa4 $17) 23... Ke8 24. Qa8+
Kd7 25. Qb7+ Ke8 26. Qc6+ $2 (26. Qa8+ $5 {leads to a draw.}) 26... Nd7 $1 27.
Qc8+ Ke7 28. Bc5+ Nxc5 29. Qxc5+ Kd8 $6 ({After} 29... Kf6 $1 30. Qc6+ Kf5 31.
Bxb5 axb5 32. Qxb5+ Kg6 $19 {Black could win the game easily, but a draw was
enough for Bareev to secure the victory in the match, and he doesn't want to
take any risk.}) 30. Qb6+ Kd7 31. Qb7+ Kd8 32. Qb8+ Kd7 1/2-1/2

[Event "RUS-chT 11th"]
[Site "Sochi"]
[Date "2004.04.20"]
[Round "1.1"]
[White "Lastin, Alexander"]
[Black "Bareev, Evgeny"]
[Result "0-1"]
[WhiteElo "2622"]
[BlackElo "2711"]
[Annotator "Psakhis,L"]
[PlyCount "62"]
[EventDate "2004.04.20"]
[EventType "team-tourn"]
[EventRounds "9"]
[EventCountry "RUS"]
[SourceTitle "EXT 2020"]
[Source "ChessBase"]
[SourceDate "2019.10.17"]
[SourceVersion "1"]
[SourceVersionDate "2019.10.17"]
[SourceQuality "1"]
[WhiteTeam "Nizhny Tagil Politekhnik"]
[BlackTeam "Kazan Ladya"]
[WhiteTeamCountry "RUS"]
[BlackTeamCountry "RUS"]

1. e4 e6 2. d4 d5 3. Nd2 c5 4. exd5 Qxd5 5. Ngf3 cxd4 6. Bc4 Qd6 7. O-O Nf6 8.
Nb3 Nc6 9. Nbxd4 Nxd4 10. Nxd4 a6 11. Bb3 (11. Re1 $5) (11. c3 $5) 11... Qc7
12. Qf3 Bd6 13. Kh1 $5 {Sergei Rublevsky successfully used this idea instead
of "normal"} (13. h3 {with possible continuation:} O-O (13... Bd7 14. Be3 O-O
15. Bg5 Be5 16. Rad1 h6 17. Bh4 Rad8 18. c3 Bc6 19. Nxc6 bxc6 20. Bc2 Rd5 21.
Qe3 Bf4 22. Qe2 g5 $13 {1/2-1/2 Stellwagen,D-Werle,J/Groningen Harmonie 2002/
(26)}) 14. Bg5 Nd7 15. c3 Ne5 (15... b5 16. Rfe1 Bb7 17. Qh5 Nc5 18. Bc2 g6 19.
Qh4 Rfe8 20. Re3 Bd5 21. Rae1 Qd7 22. b4 Na4 23. Nf3 Nb6 24. Bb3 Rac8 25. Bf6
Bxf3 26. Rxf3 Be7 $11 {1/2-1/2 Asrian,K-Savchenko,S/EUR-ch Ohrid 2001/ (36)})
16. Qh5 Ng6 17. Bc2 b6 18. Be3 Bb7 19. Nf3 h6 $1 20. Rfd1 Nf4 21. Bxf4 Bxf4 $15
{1/2-1/2 Tiviakov,S-Ionov,S/EUR-ch Ohrid 2001/ (28)}) 13... Be5 {The future of
this variation depends upon the evaluation of this position.} ({The main move
is} 13... Bd7 {but lately Black has experienced problems in this line -} 14.
Bg5 Be5 15. Rad1 h6 16. Bh4 O-O 17. Rfe1 Rfd8 18. c3 Rac8 19. h3 Bxd4 20. Rxd4
Bc6 21. Qe3 $14 {1-0 Adams,M-Bareev,E/Wijk aan Zee-A 2004/CBM 99/[Psakhis] (25)
}) (13... O-O 14. Bg5 Nd7 15. c3 Ne5 16. Qh5 Ng6 17. Bc2 h6 18. Bd2 Bf4 19.
Rad1 Bxd2 20. Rxd2 Nf4 21. Qh4 Bd7 22. Rfd1 Rad8 23. Nf3 $14 {1-0 Rublevsky,
S-Gouliev,N/FRA t-ch 2004 (46)}) 14. Be3 $146 (14. Rd1 Bd7 15. Bg5 h5 $5 16.
Qe2 O-O-O 17. h3 Bf4 18. Bxf4 Qxf4 19. Qc4+ Qc7 20. Re1 Qxc4 21. Bxc4 Kc7 22.
Rad1 Rhe8 $11 {Timofeev,A-Ionov,S RUS t-ch Sochi 2004}) 14... Bd7 (14... O-O
15. Rad1 Rb8 {[%cal Gb7b5]}) 15. Rad1 h5 $5 {[%cal Gf6g4] Sharp and
interesting move!} (15... O-O $5) 16. Qe2 (16. Qh3 Ng4 17. f4 Bf6 18. Bg1 O-O-O
$132 {[%cal Gg7g5]}) 16... Bxh2 {Beginning of big complications.} 17. g3 (17.
Nf5 Kf8 $1) (17. f4 Ng4) 17... e5 ({Worse considering} 17... Ng4 18. Bf4 e5)
18. Kxh2 (18. Bg5 h4 19. Kxh2 hxg3+ 20. Kg1 O-O-O $36) 18... h4 19. Kg1 (19.
Kg2 O-O-O 20. Qc4 (20. Nf3 Bg4 {[%cal Ge5e4]}) 20... Qxc4 21. Bxc4 h3+ 22. Kh1
exd4 23. Bxd4 Bc6+ 24. f3 Ng4 $5 $15) 19... O-O-O 20. Nf3 (20. Qc4 $5) 20...
hxg3 21. fxg3 $6 {White either underestimated the danger, or didn't see a
decent alternative.} ({I think that Lstin could get nice game after} 21. Qc4 $5
{for example} Bc6 (21... gxf2+ 22. Bxf2 Bc6 23. Rxd8+) 22. Rxd8+ Rxd8 23. fxg3
(23. Kg2 $5) 23... e4 24. Nh4 Qxg3+ 25. Ng2 Nd5 26. Qc5 $1) 21... e4 22. Bf4 (
22. Qc4 Qxc4 23. Bxc4 exf3 $36) 22... exf3 23. Qf2 (23. Qxf3 Qc5+ 24. Be3 Qe7
$36) 23... Qc6 $1 {[%cal Gf6g4]} 24. Rd6 $2 {[%mdl 2112] White slips up in a
difficult position.} (24. Qxf3 $142 Ng4 $5) {[%tqu "En","Try to find strong
move for Black","","","f6g4","",10]} 24... Ng4 $1 25. Rxc6+ Bxc6 26. Bxf7 (26.
Qb6 f2+ $1 27. Rxf2 Rh1#) ({There wasn't a rescue in} 26. Qxf3 Bxf3 27. Rxf3
Rd1+ 28. Rf1 Rxf1+ 29. Kxf1 Kd7 $19) 26... Nxf2 {After the storm Black had
decisive material advantage.} 27. Be6+ Bd7 28. Bxd7+ Rxd7 29. Kxf2 (29. Rxf2
Rd1+ 30. Rf1 Rh1+ $1) 29... Rh2+ 30. Kxf3 Rxc2 31. Re1 Rf7 0-1